Type A USA State - Statistics

General Stats
  • This quiz has been taken 84 times
  • The average score is 41 of 50
Answers on the Map
Answers color-coded by a green-red scale on the quiz's map according to % correct below.
 
Answer Stats
State % Correct
Texas
94%
California
92%
New York
92%
North Dakota
90%
South Dakota
90%
Arizona
88%
Florida
88%
Maine
88%
New Mexico
88%
Arkansas
86%
Georgia
86%
Idaho
86%
North Carolina
86%
Ohio
86%
Rhode Island
86%
South Carolina
86%
Utah
86%
Virginia
86%
Washington
86%
Alabama
84%
Colorado
84%
Connecticut
84%
Montana
84%
Oregon
84%
Hawaii
82%
Kansas
82%
Louisiana
82%
Michigan
82%
Nevada
82%
New Jersey
82%
Alaska
80%
Delaware
80%
Kentucky
80%
Maryland
80%
Massachusetts
80%
Mississippi
80%
Pennsylvania
78%
West Virginia
78%
Indiana
76%
Iowa
76%
Nebraska
76%
Vermont
76%
Minnesota
74%
New Hampshire
74%
Oklahoma
74%
Tennessee
74%
Wyoming
74%
Illinois
72%
Missouri
72%
Wisconsin
70%
No matching quizzes found
Score Distribution
Percent of People with Each Score
Percentile by Number Answered
Your Score History
You have not taken this quiz